00750 2200217 4500001002100000005001500021035002000036007000300056008004100059020002200100082001800122084002400140100001700164245014300181250003300324260004500357300005000402650002400452650002200476504003400498INLIS00000000000383020251007025320 a0010-1025000106ta251007 g 0 ind  a978-602-412-325-3 a355.030 959 8 a355.030 959 8 CHA m0 aChappy Hakim1 aMenjaga Ibu Pertiwi & Bapak Angkasa :bMembangun Pertahanan Keamanan Negara /cChappy Hakim (Penulis); Yudho Raharjo, Sica Harum (Editor); aCetakan Kedua, November 2017 aJakarta :bKompas Media Nusantara,c2017 a388 hlm :bteks , ilustrasi berwarna ;c23 cm 4aPertahanan Nasional 4aKeamanan Nasional aBibliografi : halaman 361-367